Music Quiz

Random Music or Billboard Quiz
Score 0/50 Timer 06:00
0 Plays Today
% Correct
Christmas
89%
Beautiful
87.1%
Time
85.6%
Bump
84.4%
Stand
83.7%
Practice
83.7%
Clearly
82.6%
Bended
81.8%
Lied
81%
Streets
80.2%
Circle
75.3%
Juice
74.9%
Beat
73%
Way
71.8%
Power
70.3%
Man
67.5%
Turn
67.6%
Dance
65.5%
Head
64.9%
Endless
61.2%
Song
56.8%
Pure
56.7%
Sneakin'
55.5%
Return
54.2%
Eyes
53.1%
% Correct
Talk
51.3%
Fantastic
48.1%
Thang
47.8%
Hotstepper
47%
Because
46.6%
Much
45.1%
Behind
42.7%
Remember
40.4%
Breathe
38%
Wild
37.3%
Indian
36.6%
Another
35.4%
Ear
31.8%
Secrets
31.7%
Lucky
30.3%
Vain
26%
Waiting
24.8%
Miss
23.1%
Down
22.5%
Never
18.4%
Stroke
16.2%
Jam
15.3%
DJ
14.3%
Tremor
12.4%
Love
12%

You're not logged in!

Compare scores with friends on all Sporcle quizzes.
OR
Log In

Sporcle TV

Today on Sporcle TV


Watch our educational content, quiz creation guides, and fun videos on Sporcle TV.

Show Comments

Extras

Top Quizzes Today


Score Distribution

Paid Content

Your Account Isn't Verified!

In order to create a playlist on Sporcle, you need to verify the email address you used during registration. Go to your Sporcle Settings to finish the process.

Report this User

Report this user for behavior that violates our Community Guidelines.

Details: